Sổ tay HTML & JavaScript

JavaScript là ngôn ngữ mã kịch bản đơn giản, dựa trên đối tượng, có thể được nhúng trong trang HTML. Phần này khởi đầu với những vấn đề chủ yếu của ngôn ngữ JavaScript, tiếp theo là tài liệu về JavaScript phía người dùng (sử dụng trong tr...

Cur síos iomlán

Đã lưu trong:
Sonraí Bibleagrafaíochta
Príomhúdar: Nguyễn Trường Sinh (Chủ biên)
Formáid: Leabhar
Teanga:Vietnamese
Foilsithe: H. Lao động Xã hội 2006
Ábhair:
Clibeanna: Cuir Clib Leis
Gan Chlibeanna, Bí ar an gcéad duine leis an taifead seo a chlibeáil!
Thư viện lưu trữ: Thư viện Trường Đại học Nam Cần Thơ
LEADER 02707nam a22003017a 4500
001 NCT_46734
008 180713b xxu||||| |||| 00| 0 vie d
999 |c 2236  |d 2236 
020 |c 34000 
082 0 4 |2 23rd ed.  |a 005.133  |b S312 
100 1 |a Nguyễn Trường Sinh  |e Chủ biên 
245 1 0 |a Sổ tay HTML & JavaScript  |c Nguyễn Trường Sinh (chủ biên) 
260 |a H.  |b Lao động Xã hội  |c 2006 
300 |a 396 tr.  |b minh họa  |c 16cm 
520 3 |a JavaScript là ngôn ngữ mã kịch bản đơn giản, dựa trên đối tượng, có thể được nhúng trong trang HTML. Phần này khởi đầu với những vấn đề chủ yếu của ngôn ngữ JavaScript, tiếp theo là tài liệu về JavaScript phía người dùng (sử dụng trong trình duyệt Web). Phần cuối là tham chiếu nhanh về những API JavaScript chủ yếu và API phía người dùng.  
653 |a Công nghệ thông tin 
942 |2 ddc  |c BK 
952 |0 0  |1 0  |2 ddc  |4 0  |6 005_133000000000000_S312  |7 0  |9 12760  |a 000001  |b 000001  |d 2018-07-13  |o 005.133 S312  |p MD.05324  |r 2018-07-13  |v 34000.00  |w 2018-07-13  |y BK 
952 |0 0  |1 0  |2 ddc  |4 0  |6 005_133000000000000_S312  |7 0  |9 12761  |a 000001  |b 000001  |d 2018-07-13  |o 005.133 S312  |p MD.05325  |r 2018-07-13  |v 34000.00  |w 2018-07-13  |y BK 
952 |0 0  |1 0  |2 ddc  |4 0  |6 005_133000000000000_S312  |7 0  |9 12762  |a 000001  |b 000001  |d 2018-07-13  |l 1  |o 005.133 S312  |p MD.05326  |r 2018-10-03  |s 2018-09-26  |v 34000.00  |w 2018-07-13  |y BK 
952 |0 0  |1 0  |2 ddc  |4 0  |6 005_133000000000000_S312  |7 0  |9 12763  |a 000001  |b 000001  |d 2018-07-13  |o 005.133 S312  |p MD.05327  |r 2018-07-13  |v 34000.00  |w 2018-07-13  |y BK 
952 |0 0  |1 0  |2 ddc  |4 0  |6 005_133000000000000_S312  |7 0  |9 12764  |a 000001  |b 000001  |d 2018-07-13  |l 1  |o 005.133 S312  |p MD.05328  |r 2019-11-05  |s 2019-10-25  |v 34000.00  |w 2018-07-13  |y BK 
952 |0 0  |1 0  |2 ddc  |4 0  |6 005_133000000000000_S312  |7 0  |9 12765  |a 000001  |b 000001  |d 2018-07-13  |l 1  |m 1  |o 005.133 S312  |p MD.05329  |r 2019-10-25  |s 2019-10-03  |v 34000.00  |w 2018-07-13  |y BK 
952 |0 0  |1 0  |2 ddc  |4 0  |6 005_133000000000000_S312  |7 0  |9 12766  |a 000001  |b 000001  |d 2018-07-13  |o 005.133 S312  |p MD.05330  |r 2018-07-13  |v 34000.00  |w 2018-07-13  |y BK 
952 |0 0  |1 0  |2 ddc  |4 0  |6 005_133000000000000_S312  |7 0  |9 12767  |a 000001  |b 000001  |d 2018-07-13  |o 005.133 S312  |p MD.05331  |r 2018-07-13  |v 34000.00  |w 2018-07-13  |y BK 
952 |0 0  |1 0  |2 ddc  |4 0  |6 005_133000000000000_S312  |7 0  |9 12768  |a 000001  |b 000001  |d 2018-07-13  |o 005.133 S312  |p MD.05332  |r 2018-07-13  |v 34000.00  |w 2018-07-13  |y BK 
952 |0 0  |1 0  |2 ddc  |4 0  |6 005_133000000000000_S312  |7 0  |9 12769  |a 000001  |b 000001  |d 2018-07-13  |o 005.133 S312  |p MD.05333  |r 2018-07-13  |v 34000.00  |w 2018-07-13  |y BK 
980 |a Thư viện Trường Đại học Nam Cần Thơ